000 00546nam a2200193Ia 4500
003 GCL
008 140319s9999 xx 000 0 eng d
040 _aGCL /
_cGCL
082 0 4 _a620.1404
_bL N
100 1 _aNATIONL PHYSICAL LABORATORY
245 1 0 _aCORROSION RRSISTANCE OF TECHNICAL CERAMICS, 2ND ED /
_cNATIONL PHYSICAL LABORATORY
700 1 _aHMSO
700 1 _aLOY, L. A.
260 _a[S.N] :
_bHMSO PUBLICATIONS ،
_c1991
650 0 4 _aCORRSION
650 0 4 _aCERAMICS MATERIALS
650 0 4 _aTECHNICAL CERAMICS
942 _2ddc
_cBK
999 _c16801
_d16801